| 000 | 01486cad a22002295a 4500 | ||
|---|---|---|---|
| 001 | L142052 | ||
| 008 | 080123s2007 xxkad f s 000 0 eng d | ||
| 035 | _a(Sirsi) u142052 | ||
| 041 | 0 | _aeng | |
| 050 | 0 | 4 | _a333.332 $2 18 |
| 110 | 2 |
_aKnight Frank _91530 |
|
| 245 | 0 | 0 |
_aKnight Frank European investment commentary _bWinter 2007/8 _h[electronic resource] |
| 260 |
_aLondon _bKnight Frank _c2007 |
||
| 490 | 0 |
_aKnight Frank European Investment Commentary _vWinter 2007/8 |
|
| 520 | _aReports European GDP grew above trend in 2007. Expects 2.5% growth for the Eurozone in 2007, falling to 2.1% in 2008. Suggests that the US subprime crisis has spread to Europe, creating market uncertainty and a slowdown in commercial property investment activity, particularly in the UK. Finds Eurozone inflation increased sharply in the second half of 2007, leaving the European Central Bank with little opportunity to cut interest rates. Reports robust occupier markets, with falling vacancy rates and rising rents in several major European office markets. | ||
| 590 | _aKA | ||
| 650 | 2 | 4 | _aKNIGHT FRANK EUROPEAN INVESTMENT COMMENTARY |
| 651 | 4 | _aEurope | |
| 690 | _aPROPERTY-COMMERCIAL PROPERTY-COMMERCIAL PROPERTY MARKET | ||
| 856 | 4 | 0 |
_uhttps://www.propertyweek.com/Journals/Builder_Group/Property_Week/21_December_2007/attachments/European%20Investment%20Commentary%20Knight%20Frank%20Winter%2007.pdf _zView this report free of charge under research at www. knightfrank.com... |
| 942 | _n0 | ||
| 999 |
_c107833 _d107833 |
||